000 00663nam a2200205 i 4500
001 95870
003 ES-MaACL
005 20251114150616.0
007 t|
008 050606s1971 sp ||||1| spa d
100 1 _aMacDonald, Philip.
_975120
245 1 3 _aLa lista de Adrian Messenger = (The list of Adrian Messenger) /
_cPhilip MacDonald; traducción del inglés Miguel Giménez Sales.
250 _a[1ª ed.].
260 _aBarcelona :
_bPicazo,
_c1971.
300 _a258 p. ;
_c18 cm.
700 1 _aGiménez Sales, Miguel,
_d1922-
_957067
740 4 _aThe list of Adrian Messenger.
852 _aES-MaACL
_jC-46033
_bR.79687
999 _c95870
_d95870